=LDR 00000nam 2200000 4500 =001 INLIS000000000029417 =005 20130612131642 =008 ***********************************Ind** =035 ##$$0010-061300000029417 =041 ##$$a Ind =082 ##$$a 819.4 =090 ##$$a 819.4, Sal s =245 ##$$a Salasila Kutai, S. Budhisantoso...et.al =260 ##$$a 1993 $b Jakarta =300 ##$$a 157 hlm, 21 cm =650 ##$$a Sastra Daerah =850 ##$$a NBPNMAT